画像から岩石を当てる - Statistics

General Stats
  • This quiz has been taken 26 times
  • The average score is 3 of 15
Answer Stats
Picture Answer % Correct
花崗岩
59%
閃緑岩
41%
礫岩
36%
玄武岩
32%
斑レイ岩
23%
チャート
18%
石灰岩
18%
安山岩
18%
砂岩
18%
凝灰岩
18%
流紋岩
14%
片麻岩
9%
泥岩
9%
結晶片岩
9%
ホルンフェルス
5%
No matching quizzes found
Score Distribution
Percent of People with Each Score
Percentile by Number Answered
Your Score History
You have not taken this quiz